000 01490nam a22002177a 4500
005 20210325191743.0
008 s2541 th tha d
041 _atha
090 _aว LB1028.5 อ881ร 2541
100 0 _aเอกลักษณ์ สุวรรณ์
245 1 0 _aรายงานการวิจัยเรื่อง การศึกษาความสัมพันธ์ระหว่างเจตคติกับผลสัมฤทธิ์ทางการเรียนจากการเรียนด้วยบทเรียนคอมพิวเตอร์ช่วยสอน เรื่อง "วิวัฒนาการของตารางทำงาน" ของนักเรียนชั้นมัธยมศึกษาตอนปลาย
260 3 _aม.ป.ท. :
_bคณะกรรมการวิจัยการศึกษา การศาสนาและการวัฒนธรรม กระทรวงศึกษาธิการ,
_c2541
300 _a93 หน้า :
_b ภาพประกอบ, ตาราง ;
_c 29 ซม.
650 0 4 _aคอมพิวเตอร์ช่วยการสอน
650 0 4 _aผลสัมฤทธิ์ทางการเรียน
650 0 4 _aแบบเรียนสำเร็จรูป
850 _aNALT
942 _cRSH
997 _c000000000029443
_kVC
998 _aARUNTHIP
999 _c29443
_d29443